Informace o přípravě investičního barometru
Obsahové spracovanie materiálu MH ČR s pracovným názvom "Investičný barometer". Materiál je pokusom zachytiť súvislosť vývoja nezamestnanosti s možnosťou investovania, s ohľadom na potrebu akcelerácie ekonomického rastu, včítane vytvárania pracovných príležitostí v jednotlivých regiónoch ČR. Hodnote...
Gespeichert in:
| 1. Verfasser: | |
|---|---|
| Format: | Buchkapitel |
| Sprache: | Tschechisch |
| Schlagworte: | |
| Tags: |
Keine Tags, Fügen Sie das erste Tag hinzu!
|
MARC
| LEADER | 00000naa a2200000 4500 | ||
|---|---|---|---|
| 001 | r016675 | ||
| 005 | 20221205102349.8 | ||
| 041 | 0 | |a cze | |
| 044 | |a CZ | ||
| 245 | 1 | 0 | |a Informace o přípravě investičního barometru |c M. Libich |
| 520 | |a Obsahové spracovanie materiálu MH ČR s pracovným názvom "Investičný barometer". Materiál je pokusom zachytiť súvislosť vývoja nezamestnanosti s možnosťou investovania, s ohľadom na potrebu akcelerácie ekonomického rastu, včítane vytvárania pracovných príležitostí v jednotlivých regiónoch ČR. Hodnotenie, charakteristika štruktúry investícií a trendov v investičnej výstavbe. Číselné údaje a ich hodnotenie. | ||
| 610 | 2 | 0 | |a investície |
| 610 | 2 | 0 | |a politika investičná |
| 610 | 2 | 0 | |a politika hospodárska |
| 610 | 2 | 0 | |a investície zahraničné |
| 610 | 2 | 0 | |a regióny |
| 610 | 2 | 0 | |a okresy |
| 610 | 2 | 0 | |a Česko |
| 100 | 1 | |a Libich, M. | |